000 00860nam a2200349Ia 4500
005 20260514124435.0
008 008 261405s9999 xx 000 0 eng d
037 _aThesis
040 _aCRL
040 _beng
040 _cCRL
041 _2eng
041 _aeng
084 _qCRL
100 _aShangpliang Dr.Darilin
_91240046
245 0 _aHistological Changes and Mucin Expression in Cholecystectomy Specimens.
260 _aDelhi
260 _bUniversity of Delhi
260 _c2016
300 _a94p.
502 _bPh.D.
502 _cUniversity of Delhi
502 _d2016
541 _oThesis
650 _aPathology
_91239640
700 _aDr.Nita Khurana
_91239651
700 _aDr.P.N.Agarwal
_91239728
700 _aDr.Vinay Kamal,
_91240047
710 _aPathology
942 _cTH
999 _c1851899
_d1851899